[Event "Rated Blitz game"]
[Site "?"]
[Date "2021.03.20"]
[Round "?"]
[White "kvadrik"]
[Black "MilisegundoBoomCamaa"]
[Result "1/2-1/2"]
[WhiteElo "2418"]
[BlackElo "2272"]
[PlyCount "103"]
[EventDate "2021.??.??"]
[EventType "blitz"]

1. e4 e5 2. Nf3 d5 3. exd5 e4 4. Qe2 Nf6 5. Nc3 Be7 6. Nxe4 O-O 7. d3 c6 8. d6
Bxd6 9. Bg5 Be7 10. Nxf6+ Bxf6 11. Bxf6 Qxf6 12. O-O-O Be6 13. Kb1 a5 14. Qe5
Qe7 15. d4 Na6 16. Bxa6 Rxa6 17. Ng5 c5 18. Nxe6 Rxe6 19. Qxc5 Qh4 20. g3 Qe4
21. d5 b6 22. Qc3 Rd6 23. Rhe1 Qa4 24. Re7 h6 25. Rde1 b5 26. Qc5 Rdd8 27. d6
Qg4 28. R7e4 Qf3 29. Qc6 b4 30. d7 Qxf2 31. b3 Kh7 32. Re8 a4 33. Qe4+ f5 34.
Rxf8 fxe4 35. Rxf2 Rxd7 36. bxa4 b3 37. axb3 e3 38. Rxe3 Rd1+ 39. Kb2 Rd7 40.
Rfe2 Rb7 41. Re7 Rb8 42. Rc7 Kg6 43. Ree7 Kh5 44. Rxg7 Rxb3+ 45. Kc1 Rb1+ 46.
Kd2 Rd1+ 47. Ke2 Rd2+ 48. Kf3 Rd3+ 49. Ke4 Rd4+ 50. Kf5 Rd5+ 51. Ke4 Rd4+ 52.
Kxd4 {Normal} 1/2-1/2

[Event "Rated Blitz game"]
[Site "?"]
[Date "2021.03.20"]
[Round "?"]
[White "VuskyM"]
[Black "BaronBananenschnabel"]
[Result "0-1"]
[WhiteElo "2405"]
[BlackElo "2425"]
[PlyCount "40"]
[EventDate "2021.??.??"]
[EventType "blitz"]

1. e4 e5 2. Nf3 d5 3. Nxe5 Bd6 4. d4 dxe4 5. Nc4 Nf6 6. Be3 O-O 7. Nbd2 Re8 8.
h3 Nc6 9. c3 Nd5 10. Qc2 a6 11. Be2 b5 12. Nxd6 Nxe3 13. fxe3 Qh4+ 14. Kd1 cxd6
15. Nxe4 Qxe4 16. Bd3 Qxe3 17. Bxh7+ Kh8 18. Bd3 Bb7 19. Rf1 Rac8 20. Qf2 Qxd3+
{Normal} 0-1

[Event "Rated Blitz game"]
[Site "?"]
[Date "2021.03.20"]
[Round "?"]
[White "ERjungle49"]
[Black "Delyvj"]
[Result "0-1"]
[WhiteElo "2474"]
[BlackElo "2303"]
[PlyCount "36"]
[EventDate "2021.??.??"]
[EventType "blitz"]

1. e4 e5 2. Nf3 d5 3. exd5 e4 4. Ne5 Qxd5 5. d4 exd3 6. Nxd3 Bd6 7. Nc3 Qe6+ 8.
Qe2 Nf6 9. Nb5 Ne4 10. f3 Nc5 11. Nxd6+ cxd6 12. Nf4 Qxe2+ 13. Bxe2 Nba6 14.
Be3 Nb4 15. O-O-O Bf5 16. Rxd6 Rc8 17. Bb5+ Ke7 18. Bxc5 Rxc5 {Time forfeit}
0-1

[Event "Rated Blitz game"]
[Site "?"]
[Date "2021.03.20"]
[Round "?"]
[White "Mr_Saw"]
[Black "Dzon_Vejn"]
[Result "0-1"]
[WhiteElo "2490"]
[BlackElo "2495"]
[PlyCount "88"]
[EventDate "2021.??.??"]
[EventType "blitz"]

1. e4 e5 2. Nf3 d5 3. exd5 e4 4. Qe2 Nf6 5. Nc3 Be7 6. Nxe4 O-O 7. Nxf6+ Bxf6
8. d4 Qxd5 9. Be3 c6 10. Qc4 Qa5+ 11. Qc3 Qa4 12. Bc4 b5 13. Bb3 Qa6 14. O-O
Nd7 15. Qd2 Bb7 16. a4 bxa4 17. Rxa4 Qb5 18. Qa5 Bd8 19. Qxb5 cxb5 20. Raa1 a5
21. Ne5 Nb6 22. Rfd1 a4 23. Ba2 Be7 24. d5 Bd6 25. Bxb6 Bxe5 26. c3 Bd6 27. Bb1
Bc8 28. Bd3 Bd7 29. Re1 Rfe8 30. Bd4 f6 31. f3 Kf7 32. g3 g6 33. Kf2 Rab8 34.
Rxe8 Bxe8 35. Rc1 Bd7 36. c4 bxc4 37. Bxc4 Rb4 38. Rc2 Bf5 39. Rc1 Bd7 40. Rc2
h6 41. Be3 Bf5 42. Rc3 h5 43. Bc1 Be5 44. d6+ Ke8 {Normal} 0-1

[Event "Rated Blitz game"]
[Site "?"]
[Date "2021.03.20"]
[Round "?"]
[White "Das_Beuteltier"]
[Black "Ion_Nicolescu"]
[Result "0-1"]
[WhiteElo "2424"]
[BlackElo "2316"]
[PlyCount "52"]
[EventDate "2021.??.??"]
[EventType "blitz"]

1. e4 e5 2. Nf3 d5 3. Nxe5 Qe7 4. d4 f6 5. Ng4 Bxg4 6. Qxg4 Qxe4+ 7. Qxe4+ dxe4
8. Bf4 Bd6 9. Bxd6 cxd6 10. Nc3 f5 11. Nd5 Kd7 12. g3 Nc6 13. O-O-O Nge7 14.
Nxe7 Kxe7 15. h4 Rac8 16. Kb1 d5 17. Bh3 Kf6 18. g4 g6 19. c3 b5 20. Rdg1 b4
21. gxf5 gxf5 22. Rg5 Ne7 23. Rhg1 bxc3 24. bxc3 Rxc3 25. R1g3 Rb8+ 26. Ka1
Rc1# {Normal} 0-1

[Event "Rated Blitz game"]
[Site "?"]
[Date "2021.03.20"]
[Round "?"]
[White "ERjungle49"]
[Black "Delyvj"]
[Result "1-0"]
[WhiteElo "2481"]
[BlackElo "2298"]
[PlyCount "91"]
[EventDate "2021.??.??"]
[EventType "blitz"]

1. e4 e5 2. Nf3 d5 3. exd5 e4 4. Qe2 f5 5. d3 Qxd5 6. dxe4 fxe4 7. Nc3 Bb4 8.
Bd2 Bxc3 9. Bxc3 Ne7 10. Nd2 Bf5 11. Qb5+ Qxb5 12. Bxb5+ Nbc6 13. O-O-O O-O-O
14. Rhe1 Nd4 15. Bxd4 Rxd4 16. c3 Rd5 17. Bc4 Rc5 18. Bb3 Ng6 19. Nxe4 Re5 20.
Ng3 Rxe1 21. Rxe1 Nf4 22. Nxf5 Nd3+ 23. Kd2 Nxe1 24. Kxe1 Re8+ 25. Kd2 g6 26.
Ne3 c6 27. f4 Kc7 28. g4 Kd6 29. Ke2 b5 30. Kf3 a5 31. a3 a4 32. Ba2 c5 33. h4
c4 34. Bb1 Rf8 35. g5 Ke6 36. h5 Kf7 37. hxg6+ hxg6 38. Ng4 Rh8 39. Ne5+ Kg7
40. Bxg6 Rh2 41. f5 Rxb2 42. f6+ Kg8 43. Bf7+ Kh8 44. g6 Rb3 45. g7+ Kh7 46.
g8=Q+ {Normal} 1-0

[Event "Rated Blitz tournament w4cPxPO3"]
[Site "?"]
[Date "2021.03.20"]
[Round "?"]
[White "YSA_kbpl"]
[Black "om_gendut"]
[Result "1-0"]
[WhiteElo "2333"]
[BlackElo "2413"]
[PlyCount "111"]
[EventDate "2021.??.??"]
[EventType "blitz"]

1. e4 e5 2. Nf3 d5 3. d4 dxe4 4. Nxe5 Bd6 5. Bc4 Bxe5 6. Qh5 Qe7 7. dxe5 g6 8.
Qg5 f6 9. exf6 Nxf6 10. Nc3 Be6 11. Qb5+ c6 12. Qb3 Bxc4 13. Qxc4 Nbd7 14. Bg5
Qe5 15. Bxf6 Nxf6 16. O-O-O Rd8 17. Rxd8+ Kxd8 18. Qf7 Kc8 19. Rd1 Re8 20. g3
Qe7 21. Qc4 Rd8 22. Rxd8+ Kxd8 23. Qd4+ Kc7 24. Qxa7 Qe5 25. Qe3 Qf5 26. Qd4 h5
27. h4 Qf3 28. b3 Qf5 29. Kb2 Qf3 30. a4 Kb8 31. a5 Qf5 32. a6 Ka8 33. axb7+
Kxb7 34. b4 Nd5 35. b5 Nxc3 36. bxc6+ Kxc6 37. Qxc3+ Kd5 38. Qa5+ Kd4 39. Qxf5
gxf5 40. Kb3 e3 41. fxe3+ Kxe3 42. c4 Kf3 43. c5 Kxg3 44. c6 f4 45. c7 f3 46.
c8=Q f2 47. Qf5 Kg2 48. Qg5+ Kh2 49. Qf4+ Kg1 50. Qg3+ Kh1 51. Qf3+ Kg1 52. Qe3
Kg2 53. Qg5+ Kh2 54. Qe5+ Kg1 55. Qxh5 Kh1 56. Qf3+ {Time forfeit} 1-0

[Event "Rated Blitz tournament wsaVX3Ev"]
[Site "?"]
[Date "2021.03.20"]
[Round "?"]
[White "maskurr"]
[Black "om_gendut"]
[Result "1/2-1/2"]
[WhiteElo "2253"]
[BlackElo "2424"]
[PlyCount "146"]
[EventDate "2021.??.??"]
[EventType "blitz"]

1. e4 e5 2. Nf3 d5 3. Nc3 dxe4 4. Nxe4 Nf6 5. Ng3 Bd6 6. Bc4 e4 7. Ng5 O-O 8.
O-O b5 9. Bb3 Bb7 10. Nf5 Bf4 11. Nh3 Be5 12. Qe2 Nc6 13. Qxb5 Rb8 14. d3 Ba8
15. Qc5 exd3 16. cxd3 Qxd3 17. Bc2 Qd5 18. Qe3 Nd4 19. Ne7+ Kh8 20. Nxd5 Bxh2+
21. Kxh2 Ng4+ 22. Kh1 Nxe3 23. Nxe3 Rbe8 24. Bb3 f5 25. Bd2 f4 26. Nd5 f3 27.
g3 Nxb3 28. axb3 Bxd5 29. Rxa7 Bxb3 30. Rxc7 Rf7 31. Rxf7 Bxf7 32. Bc3 Bc4 33.
Re1 Be2 34. Ng5 Ra8 35. Kh2 Kg8 36. Ne6 g6 37. Nd4 Re8 38. Nxf3 Re4 39. Nd4 Bd3
40. Rxe4 Bxe4 41. f3 Bd5 42. Kg1 Kf7 43. Kf2 Kf6 44. Ke3 Kg5 45. b4 h5 46. b5
h4 47. gxh4+ Kxh4 48. b6 g5 49. Nf5+ Kh3 50. Kd4 Bxf3 51. Ke3 Bd5 52. Ne7 Bb7
53. Be5 g4 54. Kf2 Kh4 55. Nf5+ Kg5 56. Nd6 Bc6 57. Bg3 Kf6 58. b7 Bxb7 59.
Nxb7 Ke6 60. Nc5+ Kf5 61. Nd3 Kg5 62. Ke3 Kf5 63. Nf2 Kg5 64. Ke4 Kh5 65. Kf4
Kg6 66. Nxg4 Kf7 67. Ne5+ Ke8 68. Bh4 Kf8 69. Bg5 Kg8 70. Bf6 Kf8 71. Bg5 Kg8
72. Bh6 Kh7 73. Bg5 Kg8 {Normal} 1/2-1/2

[Event "Rated Blitz game"]
[Site "?"]
[Date "2021.03.19"]
[Round "?"]
[White "L1475"]
[Black "Wild_of_luck"]
[Result "0-1"]
[WhiteElo "2402"]
[BlackElo "2419"]
[PlyCount "122"]
[EventDate "2021.??.??"]
[EventType "blitz"]

1. e4 e5 2. Nf3 d5 3. exd5 e4 4. Qe2 Nf6 5. Nc3 Bf5 6. d3 Bb4 7. Bg5 O-O 8.
dxe4 Re8 9. e5 Qxd5 10. Qc4 Rxe5+ 11. Nxe5 Qxe5+ 12. Be3 Nc6 13. O-O-O Bxc3 14.
Qxc3 Qxc3 15. bxc3 h6 16. Bc4 Ne4 17. Kb2 Nd6 18. Bd3 Be6 19. Bf4 Na5 20. Bxd6
cxd6 21. Bb5 a6 22. Be2 d5 23. Rd4 Nc6 24. Rd2 Ne5 25. f4 Nd7 26. Bf3 Nb6 27.
Rd4 Rc8 28. g4 g6 29. h4 Nc4+ 30. Kc1 Rc5 31. h5 Ra5 32. Kb1 Rb5+ 33. Ka1 Ne3
34. Rb4 Nxc2+ 35. Kb2 Nxb4 36. cxb4 Rxb4+ 37. Kc3 Rxf4 38. Be2 Bxg4 39. Bxg4
Rxg4 40. hxg6 fxg6 41. Rxh6 Kg7 42. Rh2 Rc4+ 43. Kd3 g5 44. Re2 Kf6 45. Re8 g4
46. Rg8 Kf5 47. Rf8+ Kg5 48. Rd8 Ra4 49. Rxd5+ Kh4 50. Rd7 b5 51. Rh7+ Kg3 52.
Kc3 Rxa2 53. Kb4 Ra4+ 54. Kb3 Kg2 55. Rh6 g3 56. Rg6 Kf2 57. Rf6+ Kg1 58. Rg6
g2 59. Kc2 Kf2 60. Rf6+ Kg3 61. Rg6+ Rg4 {Normal} 0-1

[Event "Rated Blitz game"]
[Site "?"]
[Date "2021.03.19"]
[Round "?"]
[White "KingSlayer_GEO"]
[Black "Schachelite"]
[Result "0-1"]
[WhiteElo "2354"]
[BlackElo "2417"]
[PlyCount "82"]
[EventDate "2021.??.??"]
[EventType "blitz"]

1. e4 e5 2. Nf3 d5 3. d4 dxe4 4. Nxe5 Bd6 5. Nc3 Nf6 6. Bc4 O-O 7. O-O Nbd7 8.
Nxd7 Bxd7 9. Bg5 Re8 10. Nd5 Be7 11. Nxe7+ Qxe7 12. Qe2 Be6 13. Bxe6 Qxe6 14.
Bxf6 Qxf6 15. Rad1 Rad8 16. Qe3 Qb6 17. b3 h6 18. c4 c6 19. Rfe1 f5 20. d5 Qxe3
21. fxe3 cxd5 22. Rxd5 Rxd5 23. cxd5 Rd8 24. Rd1 Kf7 25. Rc1 Rxd5 26. Rc7+ Kf6
27. Rxb7 Rd1+ 28. Kf2 Rd2+ 29. Kg3 Rxa2 30. h4 g5 31. h5 Re2 32. Rxa7 Rxe3+ 33.
Kf2 Rxb3 34. Ra6+ Ke5 35. Rxh6 Kf4 36. Re6 Rb2+ 37. Kf1 Kg3 38. h6 Rf2+ 39. Ke1
Rxg2 40. h7 Rh2 41. Re7 Kf3 {Normal} 0-1

[Event "Rated Blitz game"]
[Site "?"]
[Date "2021.03.19"]
[Round "?"]
[White "serpenscaput"]
[Black "vendetto"]
[Result "0-1"]
[WhiteElo "2545"]
[BlackElo "2340"]
[PlyCount "44"]
[EventDate "2021.??.??"]
[EventType "blitz"]

1. e4 e5 2. Nf3 d5 3. Nxe5 dxe4 4. d4 Bd6 5. Nc3 Bxe5 6. dxe5 Qxd1+ 7. Nxd1 Nc6
8. Bf4 Nge7 9. Nc3 Bf5 10. O-O-O O-O 11. Bg3 Ng6 12. Nd5 Rac8 13. e6 Bxe6 14.
Nxc7 Bg4 15. Rd2 f5 16. Bc4+ Kh8 17. Bd6 Rf6 18. h3 Bh5 19. Ne6 Nd8 20. Nxd8
Rxd8 21. Bc7 Rxd2 22. Kxd2 Rc6 {Normal} 0-1

[Event "Rated Blitz tournament 4Z4FqnRJ"]
[Site "?"]
[Date "2021.03.19"]
[Round "?"]
[White "KCC0026"]
[Black "om_gendut"]
[Result "1/2-1/2"]
[WhiteElo "2307"]
[BlackElo "2409"]
[PlyCount "21"]
[EventDate "2021.??.??"]
[EventType "blitz"]

1. e4 e5 2. Nf3 d5 3. Nxe5 Bd6 4. d4 dxe4 5. Nc4 Be7 6. Bf4 Nf6 7. h3 O-O 8.
Ne3 Bd6 9. Bxd6 Qxd6 10. c4 Nc6 11. d5 {Normal} 1/2-1/2

[Event "Rated Blitz tournament E9mlW9EV"]
[Site "?"]
[Date "2021.03.19"]
[Round "?"]
[White "samisahi"]
[Black "cuerosky"]
[Result "1-0"]
[WhiteElo "2641"]
[BlackElo "2257"]
[PlyCount "105"]
[EventDate "2021.??.??"]
[EventType "blitz"]

1. e4 e5 2. Nf3 d5 3. exd5 e4 4. Nd4 Qxd5 5. Nb3 Nf6 6. Nc3 Qe5 7. Be2 Bd6 8.
d4 exd3 9. Qxd3 O-O 10. Be3 Nc6 11. O-O-O Bf5 12. Qd2 Rad8 13. Nd4 Bg6 14. Nxc6
bxc6 15. Bf3 Bb4 16. Qxd8 Rxd8 17. Rxd8+ Ne8 18. Re1 Qe7 19. Ra8 f6 20. Bd2 Qd7
21. Rxa7 Bd6 22. Ra8 h6 23. a4 Kh7 24. a5 Bc5 25. a6 Nd6 26. a7 Nc4 27. Rh8+
Kxh8 28. a8=Q+ Kh7 29. Rd1 Qf5 30. Be4 Qxf2 31. Bxg6+ Kxg6 32. Qxc6 Nxd2 33.
Rxd2 Be3 34. Qe4+ Kf7 35. Qd3 Qg1+ 36. Nd1 c5 37. Qxe3 Qxe3 38. Nxe3 g6 39. Rd5
c4 40. Rc5 f5 41. Rxc4 g5 42. Nxf5 Kf6 43. Ng3 Kg6 44. b4 h5 45. b5 h4 46. Rc6+
Kf7 47. Ne2 g4 48. b6 h3 49. b7 hxg2 50. b8=Q g1=Q+ 51. Nxg1 Ke7 52. Qb7+ Kd8
53. Rc8# {Normal} 1-0

[Event "Rated Blitz game"]
[Site "?"]
[Date "2021.03.19"]
[Round "?"]
[White "strizibuba"]
[Black "sloppydogg"]
[Result "0-1"]
[WhiteElo "2444"]
[BlackElo "2528"]
[PlyCount "48"]
[EventDate "2021.??.??"]
[EventType "blitz"]

1. e4 e5 2. Nf3 d5 3. d4 dxe4 4. Nxe5 Bd6 5. Nc3 Bxe5 6. dxe5 Qxd1+ 7. Kxd1 Nc6
8. Bb5 Bd7 9. Bxc6 Bxc6 10. Bf4 O-O-O+ 11. Ke2 Ne7 12. Rad1 Ng6 13. Bg3 Rde8
14. Rd4 Nxe5 15. Rhd1 f5 16. Nd5 g5 17. Nf6 f4 18. Nxe8 Rxe8 19. b3 b6 20. c4
h5 21. Kf1 h4 22. Re1 fxg3 23. hxg3 h3 24. Re3 h2 {Normal} 0-1

[Event "Rated Blitz game"]
[Site "?"]
[Date "2021.03.19"]
[Round "?"]
[White "TangatarovTimur"]
[Black "annaly1979"]
[Result "1-0"]
[WhiteElo "2411"]
[BlackElo "2363"]
[PlyCount "47"]
[EventDate "2021.??.??"]
[EventType "blitz"]

1. e4 e5 2. Nf3 d5 3. Nc3 dxe4 4. Nxe4 f5 5. Nc3 e4 6. Ng1 Bc5 7. d3 Nf6 8.
dxe4 Qxd1+ 9. Nxd1 Nxe4 10. Be3 Nc6 11. f3 Bxe3 12. Nxe3 Nd6 13. O-O-O O-O 14.
Nd5 Rf7 15. c4 Be6 16. c5 Bxd5 17. Rxd5 Ne8 18. Bc4 Kf8 19. Nh3 h6 20. Nf4 Nf6
21. Ng6+ Ke8 22. Re1+ Re7 23. Nxe7 Nxe7 24. Rde5 {Normal} 1-0

[Event "Rated Blitz tournament ne0tbIPu"]
[Site "?"]
[Date "2021.03.19"]
[Round "?"]
[White "ljupko1966"]
[Black "Killerrhino"]
[Result "1/2-1/2"]
[WhiteElo "2283"]
[BlackElo "2418"]
[PlyCount "150"]
[EventDate "2021.??.??"]
[EventType "blitz"]

1. e4 e5 2. Nf3 d5 3. d4 dxe4 4. Nxe5 Bd6 5. Nc4 Nf6 6. Nxd6+ Qxd6 7. Be2 Nc6
8. c3 Bf5 9. Bg5 O-O-O 10. Nd2 h6 11. Bh4 Rde8 12. Bg3 Qe7 13. Nc4 Nd5 14. Ne3
Nxe3 15. fxe3 Bh7 16. O-O f5 17. Qa4 Kb8 18. b4 g5 19. b5 Nd8 20. Be5 Rhf8 21.
Rab1 Nf7 22. b6 axb6 23. Bg3 Nd6 24. c4 f4 25. c5 fxg3 26. cxd6 gxh2+ 27. Kh1
Qxd6 28. Rb3 Rxf1+ 29. Bxf1 Rf8 30. Be2 Qc6 31. Qa3 Rf2 32. Kxh2 Qd6+ 33. Qxd6
cxd6 34. Bg4 Kc7 35. Rc3+ Kb8 36. Rc8+ Ka7 37. Rh8 Bf5 38. Rf8 Rxg2+ 39. Kxg2
Bxg4 40. Kg3 Be6 41. Rf6 Bxa2 42. Rxd6 h5 43. Rh6 b5 44. Rxh5 b4 45. Rxg5 Ka6
46. Kf4 b3 47. Rg2 Bb1 48. Ke5 Bc2 49. Rg6+ Kb5 50. d5 b2 51. Rg1 b1=Q 52.
Rxb1+ Bxb1 53. d6 Kc5 54. Ke6 Ba2+ 55. Ke7 b5 56. d7 b4 57. d8=Q b3 58. Qd4+
Kb5 59. Qb2 Kc4 60. Ke6 Kd3 61. Qd4+ Kc2 62. Qc4+ Kb1 63. Qf1+ Kc2 64. Qe2+ Kc1
65. Ke5 b2 66. Qe1+ Kc2 67. Qe2+ Kc1 68. Qf1+ Kc2 69. Qf2+ Kc1 70. Qg1+ Kc2 71.
Qh2+ Kc1 72. Qg1+ Kc2 73. Qf2+ Kc1 74. Qe1+ Kc2 75. Qe2+ Kc1 {Normal} 1/2-1/2

[Event "Rated Blitz game"]
[Site "?"]
[Date "2021.03.19"]
[Round "?"]
[White "suskica"]
[Black "TheMonsterNotTheNM"]
[Result "1-0"]
[WhiteElo "2403"]
[BlackElo "2366"]
[PlyCount "55"]
[EventDate "2021.??.??"]
[EventType "blitz"]

1. e4 e5 2. Nf3 d5 3. Nc3 dxe4 4. Nxe5 f5 5. Qh5+ g6 6. Nxg6 Nf6 7. Qh4 Rg8 8.
Nxf8 Rxf8 9. d3 Qe7 10. Bh6 exd3+ 11. Kd1 d2 12. Bd3 Rg8 13. Bg5 Rxg5 14. Qxg5
Be6 15. Kxd2 Nc6 16. Rhe1 O-O-O 17. Qe3 Nd4 18. Rad1 Ne4+ 19. Nxe4 Qb4+ 20. Nc3
Qxb2 21. Rc1 Bxa2 22. Qe5 Nb3+ 23. Ke3 Nxc1 24. Bxf5+ Kb8 25. Bd3 Qb6+ 26. Kf3
Rf8+ 27. Bf5 Qxf2+ 28. Kxf2 {Normal} 1-0

[Event "Rated Blitz game"]
[Site "?"]
[Date "2021.03.19"]
[Round "?"]
[White "DrTaquey"]
[Black "jflup"]
[Result "0-1"]
[WhiteElo "2307"]
[BlackElo "2414"]
[PlyCount "54"]
[EventDate "2021.??.??"]
[EventType "blitz"]

1. e4 e5 2. Nf3 d5 3. Nxe5 Bd6 4. Nxf7 Kxf7 5. Qh5+ Kf8 6. Qxd5 Nf6 7. Qd4 Nc6
8. Qe3 Qe7 9. d3 Kf7 10. Be2 Rf8 11. O-O Kg8 12. c3 Ng4 13. Bxg4 Bxg4 14. f4
Rad8 15. e5 Bc5 16. d4 Nxd4 17. cxd4 Bxd4 18. Qxd4 Rxd4 19. Nc3 Rd3 20. Ne4
Rfd8 21. Nf2 Be2 22. Re1 Qc5 23. b3 Rd1 24. Bb2 Rxa1 25. Rxa1 Rd2 26. Rb1 Bd3
27. Rc1 Qxf2+ {Normal} 0-1

[Event "Rated Blitz tournament sZSnrtBu"]
[Site "?"]
[Date "2021.03.19"]
[Round "?"]
[White "LemonStealingHorse"]
[Black "satranCocuk_YouTube"]
[Result "1-0"]
[WhiteElo "2463"]
[BlackElo "2259"]
[PlyCount "77"]
[EventDate "2021.??.??"]
[EventType "blitz"]

1. e4 e5 2. Nf3 d5 3. exd5 e4 4. Qe2 Nf6 5. d3 Bb4+ 6. c3 O-O 7. dxe4 Bc5 8.
Bg5 Re8 9. Nbd2 h6 10. Bxf6 Qxf6 11. O-O-O b6 12. Kb1 a5 13. Rg1 c6 14. dxc6
Nxc6 15. g4 Ne5 16. g5 hxg5 17. Rxg5 Nxf3 18. Nxf3 Bb7 19. Rg4 Ba6 20. c4 Bxc4
21. Qxc4 Qxf3 22. Be2 Qxf2 23. Rf1 b5 24. Qd5 Rad8 25. Rxg7+ Kxg7 26. Qg5+ Kf8
27. Qh6+ Ke7 28. Qg5+ Kf8 29. Rxf2 Bxf2 30. Qh6+ Ke7 31. Qg5+ Kf8 32. Qh6+ Ke7
33. Qf4 Bb6 34. e5 Bd4 35. Qf6+ Kf8 36. Qh6+ Ke7 37. Bxb5 Rg8 38. Qh4+ f6 39.
Qxf6# {Normal} 1-0

[Event "Rated Blitz game"]
[Site "?"]
[Date "2021.03.19"]
[Round "?"]
[White "tuti2500"]
[Black "blastol"]
[Result "1-0"]
[WhiteElo "2436"]
[BlackElo "2395"]
[PlyCount "137"]
[EventDate "2021.??.??"]
[EventType "blitz"]

1. e4 e5 2. Nf3 d5 3. exd5 Bd6 4. d4 e4 5. Ne5 Nf6 6. c4 O-O 7. Be2 Re8 8. Bf4
Nbd7 9. Nxd7 Bxf4 10. Nxf6+ Qxf6 11. O-O e3 12. Kh1 exf2 13. Rxf2 Qh4 14. Rxf4
Qxf4 15. Nc3 Bf5 16. Bf3 a6 17. Qb3 Qxd4 18. Qxb7 Qxc4 19. Qc6 Qxc6 20. dxc6
Rab8 21. b3 Re3 22. Nd5 Re5 23. Nxc7 a5 24. h3 Kf8 25. Rc1 Rc8 26. Nd5 Be4 27.
Nb6 Rc7 28. Nd7+ Rxd7 29. cxd7 Ke7 30. Rd1 Kd8 31. Bxe4 Rxe4 32. Rd2 Re7 33.
Rd5 Rxd7 34. Rxa5 Rd2 35. b4 g6 36. b5 Rb2 37. a4 Rb4 38. Ra6 f5 39. b6 Kc8 40.
a5 Rb5 41. Ra8+ Kb7 42. Ra7+ Kc6 43. Rc7+ Kd6 44. Ra7 Kc6 45. h4 h6 46. Rc7+
Kd6 47. Rg7 Rxa5 48. Rxg6+ Ke5 49. Rxh6 Rb5 50. Kh2 Kf4 51. Rg6 Ke3 52. Kh3 f4
53. Kg4 Rb4 54. Re6+ Kf2 55. Rf6 Kxg2 56. Rxf4 Rxb6 57. h5 Rb5 58. Rf5 Rb4+ 59.
Kg5 Rb3 60. h6 Rg3+ 61. Kf6 Rh3 62. Kg7 Kg3 63. h7 Kg4 64. Ra5 Kf4 65. h8=Q
Rg3+ 66. Kf6 Kf3 67. Qh5+ Kg2 68. Ra2+ Kf1 69. Qd1# {Normal} 1-0

[Event "Rated Blitz game"]
[Site "?"]
[Date "2021.03.19"]
[Round "?"]
[White "schwinggggg"]
[Black "KamranShirazi"]
[Result "0-1"]
[WhiteElo "2349"]
[BlackElo "2464"]
[PlyCount "58"]
[EventDate "2021.??.??"]
[EventType "blitz"]

1. e4 e5 2. Nf3 d5 3. Nxe5 Bd6 4. d4 dxe4 5. Nc4 Nc6 6. Nxd6+ cxd6 7. d5 Ne5 8.
Nc3 f5 9. Bf4 Nf6 10. Bxe5 dxe5 11. Bc4 O-O 12. d6+ Kh8 13. Qd2 Bd7 14. O-O-O
Rc8 15. Bb3 a5 16. a4 Rc5 17. Qe3 Qb6 18. Nd5 Nxd5 19. Rxd5 Rfc8 20. Rhd1 f4
21. Qxe4 Qxb3 22. Rxc5 Rxc5 23. Rd2 h6 24. g3 b5 25. Kb1 Qxa4 26. Qa8+ Rc8 27.
Qb7 b4 28. gxf4 b3 29. cxb3 Bf5+ {Time forfeit} 0-1

[Event "Rated Blitz game"]
[Site "?"]
[Date "2021.03.19"]
[Round "?"]
[White "kaloczajunky"]
[Black "Raschmatt"]
[Result "1-0"]
[WhiteElo "2404"]
[BlackElo "2288"]
[PlyCount "119"]
[EventDate "2021.??.??"]
[EventType "blitz"]

1. e4 e5 2. Nf3 d5 3. Nxe5 Bd6 4. d4 dxe4 5. Nc3 Bxe5 6. dxe5 Qxd1+ 7. Kxd1 Bf5
8. Bc4 Nc6 9. Bf4 Nge7 10. Bb5 O-O-O+ 11. Kc1 Ng6 12. Bxc6 bxc6 13. Bg3 Rhe8
14. Re1 Nxe5 15. Nxe4 Nc4 16. f3 Bxe4 17. fxe4 Rd4 18. b3 Nd6 19. e5 Nf5 20.
Bf2 Rd5 21. g4 Nd4 22. Bg3 Nf3 23. Rf1 Nxe5 24. Bxe5 Rexe5 25. Rxf7 Re2 26. Kb2
Rdd2 27. Rc1 Rg2 28. Rxg7 Rxh2 29. a4 Kb7 30. g5 a5 31. Rf7 Rdg2 32. Rf5 Kb6
33. Re5 Rd2 34. Re4 Rdg2 35. Rc4 Rxg5 36. Rf1 Rc5 37. Rxc5 Kxc5 38. Rf5+ Kb6
39. Rf8 h5 40. Rb8+ Kc5 41. Rh8 h4 42. Rh5+ Kb6 43. Kc3 h3 44. Kd3 Rh1 45. Kc4
h2 46. c3 Kb7 47. Rh8 Kb6 48. Rb8+ Ka7 49. Rh8 Kb6 50. Rh7 Kb7 51. Kc5 Rc1 52.
Rxh2 Rxc3+ 53. Kd4 Rxb3 54. Ra2 Rb4+ 55. Kc5 Rb3 56. Rh2 Rc3+ 57. Kd4 Rb3 58.
Kc5 Rb4 59. Ra2 Rxa4 60. Rxa4 {Time forfeit} 1-0

[Event "Rated Blitz game"]
[Site "?"]
[Date "2021.03.19"]
[Round "?"]
[White "HUyagtsoGT"]
[Black "TheMonsterNotTheNM"]
[Result "1-0"]
[WhiteElo "2455"]
[BlackElo "2372"]
[PlyCount "45"]
[EventDate "2021.??.??"]
[EventType "blitz"]

1. e4 e5 2. Nf3 d5 3. exd5 e4 4. Qe2 Nf6 5. Nc3 Be7 6. Nxe4 O-O 7. Nc3 Bb4 8.
Qd1 Re8+ 9. Be2 Qe7 10. a3 Bxc3 11. dxc3 c6 12. d6 Qd8 13. O-O Bf5 14. Bf4 Nbd7
15. Re1 Nh5 16. Bg5 Qb6 17. Nd4 Rxe2 18. Qxe2 Bg6 19. Qe8+ Rxe8 20. Rxe8+ Nf8
21. Be7 h6 22. d7 Qxb2 23. Rf1 {Normal} 1-0

[Event "Rated Blitz game"]
[Site "?"]
[Date "2021.03.19"]
[Round "?"]
[White "ropega"]
[Black "blastol"]
[Result "1-0"]
[WhiteElo "2485"]
[BlackElo "2389"]
[PlyCount "71"]
[EventDate "2021.??.??"]
[EventType "blitz"]

1. e4 e5 2. Nf3 d5 3. exd5 Bd6 4. Nc3 Nf6 5. Bb5+ c6 6. dxc6 bxc6 7. O-O cxb5
8. d3 Bd7 9. Bg5 O-O 10. Re1 h6 11. Bh4 Re8 12. Nd5 Bg4 13. h3 Bh5 14. g4 Bg6
15. Nxf6+ gxf6 16. Qd2 Kh7 17. a4 Nd7 18. axb5 Qb6 19. c4 Rad8 20. Ra6 Qb8 21.
Rea1 Bc5 22. b4 e4 23. bxc5 exf3 24. c6 Nc5 25. Bg3 Qc8 26. Rxa7 Rxd3 27. Qf4
Qd8 28. c7 Rd1+ 29. Kh2 Qd3 30. Rxd1 Qxd1 31. Ra3 Nd3 32. Rxd3 Qxd3 33. Bh4 Be4
34. Qxf6 Qf1 35. Qxf7+ Kh8 36. Bf6# {Normal} 1-0

[Event "Rated Blitz game"]
[Site "?"]
[Date "2021.03.19"]
[Round "?"]
[White "Bierpower"]
[Black "TheMonsterNotTheNM"]
[Result "1-0"]
[WhiteElo "2411"]
[BlackElo "2370"]
[PlyCount "31"]
[EventDate "2021.??.??"]
[EventType "blitz"]

1. e4 e5 2. Nf3 d5 3. exd5 e4 4. Nd4 c6 5. d3 Bc5 6. Nb3 Bxf2+ 7. Kxf2 Nf6 8.
Nc3 Ng4+ 9. Kg1 exd3 10. Qxd3 O-O 11. h3 Nf6 12. Bg5 Nbd7 13. dxc6 bxc6 14. Be2
h6 15. Bh4 Ne5 16. Qxd8 {Normal} 1-0

[Event "Rated Blitz game"]
[Site "?"]
[Date "2021.03.19"]
[Round "?"]
[White "KingofCheapos"]
[Black "ALJoNTANGc0"]
[Result "1-0"]
[WhiteElo "2410"]
[BlackElo "2424"]
[PlyCount "75"]
[EventDate "2021.??.??"]
[EventType "blitz"]

1. e4 e5 2. Nf3 d5 3. exd5 e4 4. Qe2 Nf6 5. Nc3 Be7 6. Nxe4 O-O 7. d3 Qxd5 8.
Nc3 Qa5 9. Qd1 Nc6 10. Be2 Bb4 11. Bd2 Re8 12. O-O Bg4 13. a3 Bd6 14. Ne4 Qf5
15. Nh4 Bxe2 16. Nxf5 Bxd1 17. Nxf6+ gxf6 18. Nxd6 Re6 19. Raxd1 Rxd6 20. Rfe1
Nd4 21. Re7 Ne6 22. Bb4 c5 23. Bc3 Nd8 24. Rde1 Kg7 25. h4 Rb8 26. R1e3 Ne6 27.
Rg3+ Kf8 28. Bxf6 Nd4 29. Bxd4 cxd4 30. Rc7 Re6 31. Rf3 f6 32. Rf4 Re1+ 33. Kh2
Re2 34. Rxf6+ Ke8 35. Rxh7 Rd8 36. Rff7 Rc8 37. Rxb7 Rcxc2 38. Rh8# {Normal}
1-0

[Event "Rated Blitz game"]
[Site "?"]
[Date "2021.03.19"]
[Round "?"]
[White "S7A7L7A7HHHHHH"]
[Black "TheMonsterNotTheNM"]
[Result "0-1"]
[WhiteElo "2426"]
[BlackElo "2325"]
[PlyCount "60"]
[EventDate "2021.??.??"]
[EventType "blitz"]

1. e4 e5 2. Nf3 d5 3. d3 dxe4 4. dxe4 Qxd1+ 5. Kxd1 Nc6 6. c3 f5 7. Nbd2 Nf6 8.
Bd3 fxe4 9. Nxe4 Bg4 10. Ke2 O-O-O 11. Bg5 Be7 12. Bxf6 gxf6 13. Ng3 Rxd3 14.
Kxd3 f5 15. h3 e4+ 16. Kc2 exf3 17. hxg4 fxg2 18. Rhg1 f4 19. Nf5 f3 20. Nxe7+
Nxe7 21. Rae1 Ng6 22. Kd3 Rf8 23. Re3 Nh4 24. Re7 Rd8+ 25. Ke3 Rg8 26. Rxh7
Rxg4 27. Rd1 Nf5+ 28. Kxf3 g1=Q 29. Rh8+ Rg8 30. Rxg8+ Qxg8 {Normal} 0-1